Advances in chemotherapy
Guardat en:
| Autors principals: | , |
|---|---|
| Format: | Llibre |
| Idioma: | anglès |
| Publicat: |
Nueva York
Academic
1964
|
| Matèries: | |
| Etiquetes: |
Afegir etiqueta
Sense etiquetes, Sigues el primer a etiquetar aquest registre!
|
MARC
| LEADER | 00000nam a2200000 a 4500 | ||
|---|---|---|---|
| 001 | UCL7275 | ||
| 003 | CL-VaPUC | ||
| 008 | 040514e19640000US |||||||||||||||||eng|d | ||
| 082 | 0 | 4 | |a 615.7 |b GOL |2 21 |
| 100 | 0 | |a Goldin, Abraham |e author |9 485166 | |
| 700 | 0 | |a Hawking, F |e author |9 485167 | |
| 245 | 1 | 0 | |a Advances in chemotherapy |
| 300 | |a v | ||
| 942 | |c BK | ||
| 945 | |d 20040514 00:00:00 |a cmena | ||
| 260 | |a Nueva York |b Academic |c 1964 | ||
| 650 | 0 | |a Quimioterapia |9 324862 | |
| 650 | 0 | |a Drogas |9 254877 | |
| 650 | 0 | |a Enfermedades virales |9 403496 | |
| 650 | 0 | |a Cáncer |9 315942 | |
| 583 | |a last modification |c 20040514 00:00:00 |k Rodrigo Vera | ||
| 999 | |c 309121 |d 309119 | ||
| 952 | |0 0 |1 0 |4 0 |6 615_700000000000000_GOL_1964 |7 0 |8 A |9 376435 |a BIBCUR |b BIBCUR |d 2019-11-21 |h v.1 |i 2111462 |o 615.7 GOL 1964 |p 2111462 |r 2025-04-22 |w 2019-11-21 |y BK |k BCB | ||